Evidence, ethos, and experiment (Record no. 93412)

MARC details
000 -LEADER
fixed length control field 01723nam a2200253Ii 4500
008 - FIXED-LENGTH DATA ELEMENTS--GENERAL INFORMATION
fixed length control field 221202s xx 000 0 und d
100 1# - MAIN ENTRY--PERSONAL NAME
Personal name Geissler, Wenzel,
Relator term author
245 #0 - TITLE STATEMENT
Title Evidence, ethos, and experiment
246 ## - VARYING FORM OF TITLE
Title proper/short title the anthropology and history of medical research in Africa
264 ## - PRODUCTION, PUBLICATION, DISTRIBUTION, MANUFACTURE, AND COPYRIGHT NOTICE
Name of producer, publisher, distributor, manufacturer Berghahn Books
Date of production, publication, distribution, manufacture, or copyright notice 2011
300 ## - PHYSICAL DESCRIPTION
Extent 1 online resource
336 ## - CONTENT TYPE
Content type term text
Content type code txt
Source rdacontent
337 ## - MEDIA TYPE
Media type term computer
Media type code c
Source rdamedia
338 ## - CARRIER TYPE
Carrier type term online resource
Carrier type code cr
Source rdacarrier
520 ## - SUMMARY, ETC.
Summary, etc. Medical research has been central to biomedicine in Africa for over a century, and Africa, along with other tropical areas, has been crucial to the development of medical science. At present, study populations in Africa participate in an increasing number of medical research projects and clinical trials, run by both public institutions and private companies. Global debates about the politics and ethics of this research are growing and local concerns are prompting calls for social studies of the "trial communities" produced by this scientific work. Drawing on rich, ethnographic and historiographic ­­­material, this volume represents the emergent field of anthropological inquiry that links Africanist ethnography to recent concerns with science, the state, and the culture of late capitalism in Africa.
653 ## - INDEX TERM--UNCONTROLLED
Uncontrolled term Africa
653 ## - INDEX TERM--UNCONTROLLED
Uncontrolled term Biomedical Research/History
653 ## - INDEX TERM--UNCONTROLLED
Uncontrolled term Cross-Cultural Comparison
653 ## - INDEX TERM--UNCONTROLLED
Uncontrolled term History, 20Th Century
653 ## - INDEX TERM--UNCONTROLLED
Uncontrolled term Human Experimentation/History
700 1# - ADDED ENTRY--PERSONAL NAME
Personal name Molyneux, Catherine
856 ## - ELECTRONIC LOCATION AND ACCESS
Uniform Resource Identifier <a href="https://docs.google.com/spreadsheets/d/1yKIrdCPDAG_9c22mwoOIO2DOhtj65Wqa/edit?usp=sharing&ouid=106555315294820607512&rtpof=true&sd=true ">https://docs.google.com/spreadsheets/d/1yKIrdCPDAG_9c22mwoOIO2DOhtj65Wqa/edit?usp=sharing&ouid=106555315294820607512&rtpof=true&sd=true </a>
Link text List of Curated E-Books
942 ## - ADDED ENTRY ELEMENTS (KOHA)
Koha item type E-Book

No items available.

University of Rizal System
Email us at univlibservices@urs.edu.ph

Visit our Website www.urs.edu.ph/library